The magic school bus : (Record no. 3903)
[ view plain ]
| 000 -LEADER | |
|---|---|
| fixed length control field | 00945nam a22002897a 4500 |
| 001 - CONTROL NUMBER | |
| control field | 3903 |
| 003 - CONTROL NUMBER IDENTIFIER | |
| control field | FISKH |
| 005 - DATE AND TIME OF LATEST TRANSACTION | |
| control field | 20250127090226.0 |
| 008 - FIXED-LENGTH DATA ELEMENTS--GENERAL INFORMATION | |
| fixed length control field | 240522b cb ||||| |||| 00| 0 eng d |
| 020 ## - INTERNATIONAL STANDARD BOOK NUMBER | |
| International Standard Book Number | 9780545065863 |
| 040 ## - CATALOGING SOURCE | |
| Original cataloging agency | FISKH |
| Language of cataloging | eng |
| Transcribing agency | FISKH |
| Modifying agency | FISKH |
| 050 ## - LIBRARY OF CONGRESS CALL NUMBER | |
| Classification number | QE29.C696 |
| 082 ## - DEWEY DECIMAL CLASSIFICATION NUMBER | |
| Classification number | 551 |
| 100 ## - MAIN ENTRY--PERSONAL NAME | |
| Personal name | Lee , Quinlan B. |
| Relator term | author |
| 245 ## - TITLE STATEMENT | |
| Title | The magic school bus : |
| Remainder of title | Rides the Wind / |
| Statement of responsibility, etc. | by Quinlan B. Lee |
| 250 ## - EDITION STATEMENT | |
| Edition statement | First printing , September 2008 |
| 260 ## - PUBLICATION, DISTRIBUTION, ETC. | |
| Place of publication, distribution, etc. | New York : |
| Name of publisher, distributor, etc. | Scholastic, |
| Date of publication, distribution, etc. | 2008. |
| 300 ## - PHYSICAL DESCRIPTION | |
| Extent | 16 unnumbered pages : |
| Other physical details | color illustrations ; |
| Dimensions | 20 cm . |
| 490 ## - SERIES STATEMENT | |
| Series statement | The Magic School Bus Phonics Reading Program |
| Volume/sequential designation | Book 8 |
| 505 ## - FORMATTED CONTENTS NOTE | |
| Formatted contents note | D <br/> |
| 520 ## - SUMMARY, ETC. | |
| Summary, etc. | Ms. Frizzle's class flies kites and tries to catch up with one when the wind whisks it away. |
| 521 8# - TARGET AUDIENCE NOTE | |
| Target audience note | 160 <br/> |
| Source | Lexile estimate <br/><br/> |
| 521 8# - TARGET AUDIENCE NOTE | |
| Target audience note | D <br/> |
| Source | Raz-Plus <br/> |
| 650 ## - SUBJECT ADDED ENTRY--TOPICAL TERM | |
| Topical term or geographic name entry element | phonics |
| Form subdivision | non-fiction |
| 942 ## - ADDED ENTRY ELEMENTS (KOHA) | |
| Source of classification or shelving scheme | Dewey Decimal Classification |
| Koha item type | Books |
| Suppress in OPAC | No |
| Withdrawn status | Lost status | Source of classification or shelving scheme | Damaged status | Not for loan | Collection | Home library | Current library | Shelving location | Date acquired | Total Checkouts | Full call number | Barcode | Date last seen | Date last checked out | Copy number | Price effective from | Koha item type |
|---|---|---|---|---|---|---|---|---|---|---|---|---|---|---|---|---|---|
| Dewey Decimal Classification | Non-Fiction | Footprints International School Library Network Toul Kork Campus | Footprints International School Library Network Toul Kork Campus | 05/22/2024 | 1 | LEE 551 QE29.C696 | FISBK00297 | 05/29/2025 | 05/08/2025 | 1 | 05/22/2024 | Books | |||||
| Dewey Decimal Classification | Non-Fiction | Footprints International School Library Network Toul Kork Campus | Footprints International School Library Network Toul Kork Campus | TK Primary Library Room(4th Floor), Bookcase 7, Shelves 57-60, Dark Green Books | 01/27/2025 | LEE 551 QE29.C696 | FISBK00296 | 01/27/2025 | 2 | 01/27/2025 | Books |
